000 00584nam a2200193Ia 4500
999 _c30986
_d30986
003 OSt
005 20200730101308.0
008 190216s9999||||xx |||||||||||||| ||und||
020 _a0521272882
040 _coclc
082 _a512.2076
_bBLY/A
100 _aBlyth, T S
_93859
245 0 _aAlgebra Through Practice:
_bGroups, Rings and Fields /
_cT S Blyth ; E F Robertson
250 _a1st Ed.
260 _bCambridge Uty Press,
_aLondon:
_c1984.
300 _a95p
650 _aMathematical Geography
942 _cBK
_2ddc
_h512.2076
_iBLY/A
_k512.2076
_mBLY/A